| 000 -LEADER |
| fixed length control field |
01568fam a2200349 a 4500 |
| 001 - CONTROL NUMBER |
| control field |
2049846 |
| 003 - CONTROL NUMBER IDENTIFIER |
| control field |
OSt |
| 005 - DATE AND TIME OF LATEST TRANSACTION |
| control field |
20210927111028.0 |
| 008 - FIXED-LENGTH DATA ELEMENTS--GENERAL INFORMATION |
| fixed length control field |
961011s1997 nyua b 001 0 eng d |
| 010 ## - LIBRARY OF CONGRESS CONTROL NUMBER |
| LC control number |
96078982 |
| 020 ## - INTERNATIONAL STANDARD BOOK NUMBER |
| International Standard Book Number |
0070216738 |
| 035 ## - SYSTEM CONTROL NUMBER |
| System control number |
(OCoLC)ocm36358804 |
| 038 ## - RECORD CONTENT LICENSOR |
| Staff Name |
khadija |
| 040 ## - CATALOGING SOURCE |
| Original cataloging agency |
GAT |
| Transcribing agency |
GAT |
| Modifying agency |
DLC |
| -- |
OrLoB-B |
| 042 ## - AUTHENTICATION CODE |
| Authentication code |
lccopycat |
| 050 04 - LIBRARY OF CONGRESS CALL NUMBER |
| Classification number |
TA342 |
| Item number |
V78 1997 |
| 082 00 - DEWEY DECIMAL CLASSIFICATION NUMBER |
| Classification number |
620.0015 |
| Edition number |
21 |
| Author Mark |
VUH |
| 100 1# - MAIN ENTRY--PERSONAL NAME |
| Personal name |
Vu, Hung V. |
| 9 (RLIN) |
51939 |
| 245 10 - TITLE STATEMENT |
| Title |
Dynamic systems : |
| Remainder of title |
modeling and analysis / |
| Statement of responsibility, etc. |
Hung V. Vu, Ramin S. Esfandiari. |
| 260 ## - PUBLICATION, DISTRIBUTION, ETC. |
| Place of publication, distribution, etc. |
New York : |
| Name of publisher, distributor, etc. |
McGraw-Hill, |
| Date of publication, distribution, etc. |
c1997. |
| 300 ## - PHYSICAL DESCRIPTION |
| Extent |
xvii, 622 p. : |
| Other physical details |
ill. ; |
| Dimensions |
25 cm. |
| 504 ## - BIBLIOGRAPHY, ETC. NOTE |
| Bibliography, etc. note |
Includes bibliographical references (p. 612-613) and index. |
| 505 00 - FORMATTED CONTENTS NOTE |
| Miscellaneous information |
1. |
| Title |
Complex Analysis, Differential Equations, and the Laplace Transform -- |
| Miscellaneous information |
2. |
| Title |
Matrix Analysis -- |
| Miscellaneous information |
3. |
| Title |
System Model Representation -- |
| Miscellaneous information |
4. |
| Title |
Mechanical Systems -- |
| Miscellaneous information |
5. |
| Title |
Electrical, Electronic, and Electromechanical Systems -- |
| Miscellaneous information |
6. |
| Title |
Fluid and Thermal Systems -- |
| Miscellaneous information |
7. |
| Title |
System Response -- |
| Miscellaneous information |
8. |
| Title |
Introduction to Vibrations -- |
| Miscellaneous information |
9. |
| Title |
Block Diagram Representation -- |
| Miscellaneous information |
10. |
| Title |
Introduction to Control Systems -- |
| Miscellaneous information |
App. A. |
| Title |
Tables -- |
| Miscellaneous information |
App. B. |
| Title |
Computer Simulation -- |
| Miscellaneous information |
App. C. |
| Title |
Useful Formulas -- |
| Miscellaneous information |
App. D. |
| Title |
Answers to Odd-Numbered Problems. |
| 563 ## - BINDING INFORMATION |
| Binding note |
Hardcover |
| 650 #0 - SUBJECT ADDED ENTRY--TOPICAL TERM |
| Topical term or geographic name entry element |
Engineering |
| General subdivision |
Mathematical models. |
| 9 (RLIN) |
40559 |
| 650 #0 - SUBJECT ADDED ENTRY--TOPICAL TERM |
| Topical term or geographic name entry element |
Systems engineering |
| General subdivision |
Mathematical models. |
| 9 (RLIN) |
2309 |
| 650 #0 - SUBJECT ADDED ENTRY--TOPICAL TERM |
| Topical term or geographic name entry element |
System analysis. |
| 9 (RLIN) |
2233 |
| 650 #0 - SUBJECT ADDED ENTRY--TOPICAL TERM |
| Topical term or geographic name entry element |
Dynamics. |
| 9 (RLIN) |
7202 |
| 700 1# - ADDED ENTRY--PERSONAL NAME |
| Personal name |
Esfandiari, Ramin S. |
| 9 (RLIN) |
26200 |
| 900 ## - EQUIVALENCE OR CROSS-REFERENCE-PERSONAL NAME [LOCAL, CANADA] |
| Numeration |
TOC |
| 942 ## - ADDED ENTRY ELEMENTS (KOHA) |
| Source of classification or shelving scheme |
|
| Koha item type |
Book |